| 000 | 01724cam a22002658i 4500 | ||
|---|---|---|---|
| 001 | 1661 | ||
| 005 | 20231122161237.0 | ||
| 020 | _z9780974778983 | ||
| 040 |
_aDLC _beng _cDLC _erda |
||
| 050 | 0 | 0 | _aPZ7.C777 |
| 082 | 0 | 0 | _2372.37 |
| 100 | 1 |
_aCook, Julia _d1964- _eauthor. |
|
| 245 | 1 | 2 |
_aA bad case of tattle tongue _cwritten by Julia Cook ; illustrated by Anita DuFalla |
| 260 |
_bCTC Publishing _aWarrenton : _c2006 |
||
| 300 |
_a32 pages : _bcolor illustrations ; _c21 cm |
||
| 505 | _aK | ||
| 520 | _aA Book that Helps Kids Learn the Difference Between Tattling and Telling No one likes "Josh the Tattler" because he tattles way too much. He tattles on his classmates, his brother, and even his dog! But one night Josh wakes up to find that his tongue is very long, yellow, covered in bright purple spots, and Itchy, Itchy, Scratchy, Scratchy... Will a bad case of Tattle Tongue teach him a lesson? A Bad Case of Tattle Tongue gives teachers and counselors a humorous, cleverly creative way to address the time-consuming tattling-related issues that often sap classroom energy and thwart teaching opportunities. Parents who "battle the tattle" at home, on the playground, in the grocery store, or anywhere else can use this book to both entertain and enlighten their children about "The Tattle Rules." Every adult who desires to help children understand the differences between tattling and the need to warn others about important matters needs this book!. | ||
| 521 |
_a510
_bLexile |
||
| 521 |
_aK
_bRaz-Plus |
||
| 650 | 1 |
_aTalebearing _vFiction. |
|
| 650 | 1 |
_aSchools _vFiction. |
|
| 700 | 1 |
_aDuFalla, Anita _eillustrator |
|
| 906 |
_a7 _brip _corignew _d1 _eecip _f20 _gy-gencatlg |
||
| 942 |
_2ddc _cBK _n0 |
||
| 999 |
_c1661 _d1661 |
||